| 000 | 00663nac a22002171i 4500 | ||
|---|---|---|---|
| 003 | EG-ScBUE | ||
| 005 | 20240807104238.0 | ||
| 008 | 240807s1982 ua ab f 000 0 eng d | ||
| 040 |
_aEG-ScBUE _beng _erda _cEG-ScBUE _dEG-ScBUE |
||
| 082 | 0 | 4 |
_a932 _222 _bTEM |
| 245 | 0 | 4 | _aThe Temple of Karnak. |
| 264 | 1 |
_aCairo : _bSimpkins Splendor of Egypt, _c1982. |
|
| 300 |
_a24 pages : _billustrations (chiefly color), maps ; _c23 cm |
||
| 336 |
_2rdacontent _atext _btxt |
||
| 337 |
_aunmediated _2rdamedia _bn |
||
| 338 |
_avolume _bnc _2rdacarrier |
||
| 650 | 7 |
_aTemples _zEgypt. _2BUEsh |
|
| 651 | 7 |
_aEgypt _xAntiquities. _2BUEsh |
|
| 655 | _vReading book | ||
| 942 |
_cBB _2ddc |
||
| 999 |
_c5682 _d5682 |
||